000 00663nam a22001937a 4500
003 OSt
005 20251204080511.0
008 251023b |||||||| |||| 00| 0 eng d
020 _a978-621-8035-553
040 _aDWC-Main lib.
_cOC
082 _aFil. 640 D361m 2020
100 _aCecilia Delos Reyes
245 _aHome economics literacy
_b: a guide for teaching technology and livelihood education/
_cCecilia Delos Reyes
260 _aQuezon City
_b: Lorimar Publishing inc.
_c, c2020.
300 _axviii, 142 pages
_b : illustrations
_c; 26cm.
504 _aIncludes bibliographical references
650 _aHome management
942 _2ddc
_cBK - FIL
_kFil.
_n0
999 _c5074
_d5074